Vista normal Vista MARC

Entrada Personal Name

Número de registros utilizados en: 1

001 - CONTROL NUMBER

  • control field: 17997

003 - CONTROL NUMBER IDENTIFIER

  • control field: OSt

005 - DATE AND TIME OF LATEST TRANSACTION

  • control field: 20210310221430.0

008 - FIXED-LENGTH DATA ELEMENTS

  • fixed length control field: 210310|| aca||aabn | a|a d

040 ## - CATALOGING SOURCE

  • Original cataloging agency: OSt
  • Transcribing agency: OSt

100 ## - HEADING--PERSONAL NAME

  • Personal name: Maria Alejandra Arias, Adriana Camacho, Ana Maria Ibañez, Daniel Mejia, Catherine Rodriguez

670 ## - SOURCE DATA FOUND

  • Source citation: Work cat.: (OSt): Maria Alejandra Arias, Adriana Camacho, Ana Maria Ibañez, Daniel Mejia, Catherine Rodriguez , Costos economicos sociales del conflicto en colombia ¿Cómo construir un psconflicto sostenible?, 2014